Normal view
MARC view
- حميدة، فاطمة إبراهيم
Entry Personal Name
001 - CONTROL NUMBER
- control field: 35505
003 - CONTROL NUMBER IDENTIFIER
- control field: JO-AjAnu
005 - DATE AND TIME OF LATEST TRANSACTION
- control field: 20230606075934.0
008 - FIXED-LENGTH DATA ELEMENTS
- fixed length control field: 230606|| aca||aabn | a|a d
040 ## - CATALOGING SOURCE
- Original cataloging agency: JO-AjAnu
- Transcribing agency: JO-AjAnu
100 ## - HEADING--PERSONAL NAME
- Personal name: حميدة، فاطمة إبراهيم
670 ## - SOURCE DATA FOUND
- Source citation: Work cat.: (JO-AjAnu)18234: حميدة، فاطمة إبراهيم, author, التفكير الأخلاقي:دليل المعلم في تنمية التفكير الأخلاقي لدى التلاميذ في جميع المراحل